00844nam a2200241 a 450000100100000000500170001000800410002702000150006804000250008304100380010808200180014610000230016424000400018724501050022726000390033230000270037149000270039853400660042565000260049165000300051770000260054783000290057300001426020200929163538.0091208s2000 sp 000 f spa d a8495501457 aDO-SdBNPbspacBNPHU17aspaheng2Código de idioma MARC a813.54bR495r1 aRice, Anne,d1941-14aThe queen of the damned.lEspañol13aLa reina de los condenados :bcrónicas vampíricas /cAnne Rice ; traducción de Carles Llorach. a[Madrid] :bSuma de Letras,c2000. a725, [10] p. ;c18 cm.1 aPunto de lecturav26/3 pTítulo original en inglés:tThe queen of the damnedc1988 4aNovela estadounidense 4aLiteratura estadounidense1 aLlorach, Carles,etr. 0aPunto de lectura ;v26/3